000 00655nmc a2200265 a 4500
003 AR-BaBNM
005 20251128205638.0
008 097019s1994 ||||||||||||||000 | spa||
020 _a950-534-246-2
040 _cAR-BaBNM
100 1 _aRoldán, Gustavo
245 1 0 _aLas pulgas no andan por las ramas
250 _a1ª ed.
260 _aBuenos Aires
_bA-Z editora
_c1994
300 0 _bil.
490 0 _aSerie del boleto
650 4 _aCUENTOS
650 4 _aLITERATURA INFANTIL
650 4 _aLIBROS PARA NINOS
650 4 _aANIMALES
655 _aLITERATURA
700 1 _aLima, Juan Manuel
_eilustrador
942 _cBK
998 _cCARMEN
999 _c12219
_d12219